000 00648nas a2200253 4500
001 BR9207273
003 BR-BrBNA
005 20231205095011.0
007 ta
008 230509b bl.|||p| |||| 00| 00por d
040 _aBR-BrBNA
_bpor
_cBiblioteca Nacional de Agricultura
041 _a(Pt)
072 _aF01
100 1 _aAnon.
245 1 _aAdlai, agriao, aipo [pratica cultural]
650 _aAdlay
650 _aAgriao
650 _aAipo
650 _aPratica Cultural
650 _aPratico
773 0 _tGuia Rural (Brazil)
_x
_g(Dec 1991), p. 12-14
_wBR9207273
909 _a202311
_bLúcia
_c55
_dLúcia Elande
942 _2AGRIS
_n0
_cANA
999 _c148185
_d148185